| 000 | 00379nam a2200145Ia 4500 | ||
|---|---|---|---|
| 008 | 230312s9999||||xx |||||||||||||| ||und|| | ||
| 020 | _a9781118314425 | ||
| 082 |
_a005.133 _bNAG-P |
||
| 100 | _aBooch,Grady | ||
| 245 | 0 | _aObject Oriented Analysis and Desighn with Applications | |
| 260 |
_bWiley _aUSA _c2013 |
||
| 300 | _a1523 | ||
| 650 |
_aComputer _vProgramming |
||
| 942 | _cBK | ||
| 999 |
_c15952 _d15952 |
||